Tribhuvan University Central Library

Samudaya ma aadharit bipad jokhim nyunikaran karyakram ko karyanwoyan field karyakartako lagi nirdeshika (Record no. 71978)

MARC details
000 -LEADER
fixed length control field 00415 a2200133 4500
082 ## - DEWEY DECIMAL CLASSIFICATION NUMBER
Classification number DRM 363.34/NEP-c/2067
110 ## - MAIN ENTRY--CORPORATE NAME
Corporate name or jurisdiction name as entry element Nepal redcross Society
245 ## - TITLE STATEMENT
Title Samudaya ma aadharit bipad jokhim nyunikaran karyakram ko karyanwoyan field karyakartako lagi nirdeshika
260 ## - PUBLICATION, DISTRIBUTION, ETC.
Name of publisher, distributor, etc. Nepal Redcross Society
Date of publication, distribution, etc. 2067
300 ## - PHYSICAL DESCRIPTION
Extent 80p.
650 ## - SUBJECT ADDED ENTRY--TOPICAL TERM
Topical term or geographic name entry element Community Relation
653 ## - INDEX TERM--UNCONTROLLED
Uncontrolled term Disaster Management
942 ## - ADDED ENTRY ELEMENTS (KOHA)
Source of classification or shelving scheme Dewey Decimal Classification
Koha item type General Collections
Holdings
Withdrawn status Lost status Source of classification or shelving scheme Damaged status Not for loan Home library Current library Date acquired Total Checkouts Full call number Barcode Date last seen Price effective from Koha item type
    Dewey Decimal Classification     Tribhuvan University Central Library Tribhuvan University Central Library 05/02/2014   DRM 363.34/NEP-c/2067 000054 05/02/2014 05/02/2014 General Collections